| 000 | 01345nam a2200277Ia 4500 | ||
|---|---|---|---|
| 001 | ebr10071941 | ||
| 003 | CaPaEBR | ||
| 006 | m u | ||
| 007 | cr cn||||||||| | ||
| 008 | 081010s2000 dcu s 000 0 eng d | ||
| 040 |
_aCaPaEBR _cCaPaEBR |
||
| 035 | _a(OCoLC)567836037 | ||
| 050 | 1 | 4 |
_aTK9152.2 _b.N38 2000eb |
| 110 | 2 |
_aNational Research Council (U.S.). _bCommittee on Long-Term Research Needs for Deactivation and Decommissioning at Department of Energy Sites. |
|
| 245 | 1 | 0 |
_aInterim report _h[electronic resource] / _cCommittee on Long Term Research Needs for Deactivation and Decommissioning at Department of Energy Sites. |
| 260 |
_aWashington, D.C. : _bNational Academies, _c2000. |
||
| 300 | _a15 p. | ||
| 500 | _aCommittee chair: Philip Clark, Sr. | ||
| 500 | _aLetter dated Dec. 5, 2000. | ||
| 533 |
_aElectronic reproduction. _bPalo Alto, Calif. : _cebrary, _d2009. _nAvailable via World Wide Web. _nAccess may be limited to ebrary affiliated libraries. |
||
| 610 | 1 | 0 |
_aUnited States. _bDept. of Energy. _bEnvironmental Management Science Program. |
| 650 | 0 |
_aNuclear facilities _xDecommissioning _zUnited States. |
|
| 655 | 7 |
_aElectronic books. _2local |
|
| 710 | 2 | _aebrary, Inc. | |
| 856 | 4 | 0 |
_uhttp://site.ebrary.com/lib/rucke/Doc?id=10071941 _zAn electronic book accessible through the World Wide Web; click to view |
| 999 |
_c33545 _d33545 |
||